000 00784nam a2200265#a 4500
001 00931
003 HDC
007 ta
008 230623s2005 xx 000 0 eng d
020 _a9780194001168 (pbk.).
040 _aHDC
050 _aref PE 1628
_b.H67 2005 C16
100 _aHornby, A. S.
_q(Albert Sydney)
245 0 _aOxford advanced learner's dictionary of current English /
_cA. S. Hornby
250 _a7th ed.
264 _aNew York :
264 _aOxford
_bOxford University Press,
_c2005
300 _avarious paging :
_b ill. ;
_c 23cm. +
_e 1 CD-ROM (4 3/4 in.)
650 _aEnglish language
_xDictionaries.
650 _aEnglish language
_xNew words
_xDictionaries.
942 _2lcc
942 _cBK
942 _kref PE 1628
942 _m.H67 2005 C16
999 _c24224
_d24224